|
|
|
|
| LEADER |
01228njm a2200349 a 4500 |
| 001 |
000387000 |
| 003 |
CZ BrMZK |
| 005 |
20031029143118.0 |
| 008 |
010907s1993 xr f eng d |
| 028 |
0 |
3 |
|a 81 1124-2 131
|b Panton
|
| 040 |
|
|
|a BOA001
|b cze
|
| 080 |
|
|
|a 785.74:787.1/.3(086.7)
|2 MRF
|
| 100 |
1 |
|
|a Vranický, Antonín,
|d 1761-1820
|7 jn19990210809
|4 cmp
|
| 245 |
1 |
0 |
|a String quartets, Op. 16
|h [zvukový záznam] /
|c Pavel Vranický.
|
| 246 |
3 |
3 |
|a Quartet No. 5 in C major
|
| 246 |
3 |
3 |
|a Quartet No. 6 in D minor
|
| 246 |
3 |
3 |
|a Smyčcové kvartety op. 16
|
| 246 |
3 |
3 |
|a Quartet No. 4 in F major
|
| 260 |
|
|
|a Praha :
|b Panton,
|c p1993
|
| 300 |
|
|
|a 1 CD :
|b stereo, DDD ;
|c 12 cm +
|e 1 brožura [8 s.].
|
| 306 |
|
|
|a 010308
|
| 500 |
|
|
|a Durata 63:08
|
| 500 |
|
|
|a Text v brožuře vícejaz.
|
| 500 |
|
|
|a Nahr. 1992
|
| 505 |
0 |
|
|a Quartet No. 4 in F major, Quartet No. 5 in C major, Quartet No. 6 in D minor.
|
| 511 |
0 |
|
|a Stamicovo kvarteto
|
| 653 |
0 |
|
|a smyčcové kvartety
|
| 710 |
2 |
|
|a Stamicovo kvarteto
|7 mzk2003194945
|4 prf
|
| 910 |
|
|
|a BOA001
|b CD-0001.959
|
| 964 |
|
|
|a Kvartety smyčcové
|x CD
|
| 990 |
|
|
|a AV
|
| 996 |
6 |
|
|b 261H001991
|c CD-0001.959
|l MZK
|r Sklad / do 24 hodin
|n 0
|w 000387000
|u 000010
|a 1
|e BOA001
|j MZK50
|s P
|